000 00927nam a2200253 i 4500
001 bg
003 KOSZ 005
005 20200630132821.0
008 080330s1963 pl a f f 001 0 pol
015 _aPB 1963/5441
040 _aWA N
_cKOSZ 005/RW
_dKOSZ 005/RW
080 _a51
100 1 _aTarnawski, Eustachy.
245 1 0 _aMatematyka :
_bdla studentów wydziałów mechanicznych i elektrycznych szkół politechnicznych.
_nCz. 2 /
_cEustachy Tarnawski.
260 _aWarszawa :
_bPaństwowe Wydawnictwo Naukowe,
_c1963.
300 _a435 s. :
_bil. ;
_c25 cm.
380 _aKsiążki.
504 _aBibliogr. s. [419]-420. Indeks.
650 4 _aMatematyka
_xszkoły wyższe.
655 4 _aPodręczniki akademickie
710 2 _aPaństwowe Wydawnictwo Naukowe
_4pbl.
856 _uhttp://koha.tu.koszalin.pl/cgi-bin/koha/opac-detail.pl?biblionumber=10882
_yKatalog online BPK
942 _2UKD
_cKS
999 _c10882
_d10882